[Event "Istanbul Open 2017"]
[Site "Istanbul"]
[Date "2017.09.12"]
[Round "2"]
[White "Elmas, Mustafa"]
[Black "Odabasi, Nail"]
[Result "1-0"]
[WhiteElo "1736"]
[BlackElo "1468"]
[Annotator "NA RC"]
[PlyCount "105"]
[EventDate "2017.??.??"]
[EventType "swiss"]
[EventCountry "TUR"]
[SourceTitle "playchess.com"]
[Source "ChessBase"]
[SourceQuality "1"]
[TimeControl "5400+30"]

1. e4 d5 2. exd5 Nf6 3. d4 Nxd5 4. Nc3 Bf5 5. Bd3 Nxc3 6. bxc3 Qd7 7. Nf3 Nc6 8. Bxf5 Qxf5 9. O-O e6 10. c4 Be7 11. Rb1 b6 12. Rb5 Qg6 13. d5 Rd8 14. Qe2 a6 15. Rb3 exd5 16. cxd5 Rxd5 17. Ba3 O-O 18. Bxe7 Re8 19. Re3 Rd7 20. Ba3 Rxe3 21. Qxe3 Qe6 22. Qc3 h6 23. Re1 Qd5 24. Bb2 f6 25. Qb3 Na5 26. Qxd5+ Rxd5 27. Kf1 Nc4 28. Bc1 Ra5 29. a3 Kf7 30. Rd1 Nd6 31. Rd3 Rc5 32. Nd4 Nb5 33. Nxb5 Rxb5 34. Ke2 {[%emt 1:12:00]} Rc5 {[%emt 1:12:30]} 35. c3 {[%emt 0:00:30]} b5 {[%emt 0:00:30]} 36. Be3 {[%emt 0:00:30]} Rc4 {[%emt 0:00:30]} 37. Bd2 {[%emt 0:00:30]} g5 {[%emt 0:00:30]} 38. Rd4 {[%emt 0:00:30]} Rc6 {[%emt 0:00:30]} 39. a4 {[%emt 0:00:30]} Re6+ {[%emt 0:00:30]} 40. Kd3 {[%emt 0:00:30]} c5 {[%emt 0:00:30]} 41. Rd7+ {[%emt 0:00:30]} Ke8 {[%emt 0:00:30]} 42. Rd5 {[%emt 0:00:30]} c4+ {[%emt 0:00:30]} 43. Kd4 {[%emt 0:00:30]} Re2 {[%emt 0:00:30]} 44. Be3 {[%emt 0:00:30]} Rb2 {[%emt 0:00:30]} 45. axb5 {[%emt 0:01:30]} axb5 {[%emt 0:00:30]} 46. Kc5 {[%emt 0:01:30]} Ke7 {[%emt 0:00:30]} 47. Bd4 {[%emt 0:00:30]} Ke6 {[%emt 0:01:30]} 48. Rd6+ {[%emt 0:00:00]} Kf5 {[%emt 0:00:00]} 49. Rxf6+ {[%emt 0:01:00]} Ke4 {[%emt 0:00:00]} 50. Rb6 {[%emt 0:02:30]} Kd3 {[%emt 0:02:30]} 51. Rxb5 {[%emt 0:00:30]} Rb3 {[%emt 0:01:30]} 52. Rxb3 {[%emt 0:01:30]} cxb3 {[%emt 0:00:00]} 53. c4 {[%emt 0:00:00]} 1-0

[Event "Istanbul Open 2017"]
[Site "Istanbul"]
[Date "2017.09.12"]
[Round "2"]
[White "Alashtar, Yousef"]
[Black "Kilic, Eray"]
[Result "0-1"]
[WhiteElo "1630"]
[BlackElo "1727"]
[Annotator "NA RC"]
[PlyCount "62"]
[EventDate "2017.??.??"]
[EventType "swiss"]
[EventCountry "TUR"]
[SourceTitle "playchess.com"]
[Source "ChessBase"]
[SourceQuality "1"]
[TimeControl "5400+30"]

1. g4 d5 2. Bg2 e5 3. c4 Bd6 4. Bxd5 Ne7 5. Qb3 Nxd5 6. cxd5 O-O 7. d3 c6 8. Nc3 cxd5 9. Qxd5 Nc6 10. Nf3 Be6 11. Qe4 Be7 12. h4 Nd4 {[%emt 1:13:30]} 13. Ng5 {[%emt 1:18:09]} f5 {[%emt 0:00:30]} 14. Qxe5 {[%emt 0:00:30]} Bf6 {[%emt 0:00:30]} 15. Nxe6 {[%emt 0:00:30]} Bxe5 {[%emt 0:00:30]} 16. Nxd8 {[%emt 0:00:30]} Raxd8 {[%emt 0:00:30]} 17. f4 {[%emt 0:00:35]} Bb8 {[%emt 0:00:30]} 18. O-O {[%emt 0:01:16]} fxg4 {[%emt 0:00:30]} 19. Ne4 {[%emt 0:01:03]} Nxe2+ {[%emt 0:00:00]} 20. Kf2 {[%emt 0:00:41]} Nxc1 {[%emt 0:02:00]} 21. Raxc1 {[%emt 0:00:35]} Rxd3 {[%emt 0:02:30]} 22. Ke2 {[%emt 0:01:43]} Rd4 {[%emt 0:00:00]} 23. Ke3 {[%emt 0:01:01]} Rb4 {[%emt 0:00:00]} 24. b3 {[%emt 0:00:16]} b5 {[%emt 0:00:30]} 25. Rcd1 {[%emt 0:01:31]} a6 {[%emt 0:00:30]} 26. a3 {[%emt 0:02:43]} Rxb3+ {[%emt 0:00:30]} 27. Rd3 {[%emt 0:00:05]} Bxf4+ {[%emt 0:00:00]} 28. Ke2 {[%emt 0:02:04]} Rb2+ {[%emt 0:00:00]} 29. Ke1 {[%emt 0:02:33]} g3 {[%emt 0:00:30]} 30. Rxf4 {[%emt 0:01:49]} Rxf4 {[%emt 0:00:30]} 31. Nxg3 {[%emt 0:00:17]} Rxh4 {[%emt 0:00:30]} 0-1

[Event "Istanbul Open 2017"]
[Site "Istanbul"]
[Date "2017.09.12"]
[Round "2"]
[White "Hagverdiyev, Gahraman"]
[Black "Bacak, Altug"]
[Result "1-0"]
[WhiteElo "1624"]
[BlackElo "1711"]
[Annotator "NA RC"]
[PlyCount "79"]
[EventDate "2017.??.??"]
[EventType "swiss"]
[EventCountry "TUR"]
[SourceTitle "playchess.com"]
[Source "ChessBase"]
[SourceQuality "1"]
[TimeControl "5400+30"]

1. d4 Nf6 2. c4 e6 3. Nf3 b6 4. a3 c5 5. d5 exd5 6. cxd5 d6 7. Nc3 Ba6 8. g3 Be7 9. Bg2 O-O 10. O-O Nbd7 11. Re1 Re8 12. e4 Ng4 13. h3 Nge5 14. Nxe5 Nxe5 15. f4 Nd3 16. Bf1 c4 17. Bxd3 cxd3 18. Qa4 Qc8 19. Be3 Bf6 20. Rac1 Qxh3 21. Qxa6 Qxg3+ 22. Kf1 Qf3+ 23. Kg1 {[%emt 0:52:30]} d2 {[%emt 1:38:38]} 24. Bxd2 {[%emt 0:00:30]} Bd4+ {[%emt 0:00:30]} 25. Kh2 {[%emt 0:00:30]} Qf2+ {[%emt 0:00:30]} 26. Kh3 {[%emt 0:00:30]} Re5 {[%emt 0:00:30]} 27. Qe2 {[%emt 0:00:30]} Qxe2 {[%emt 0:03:17]} 28. Rxe2 {[%emt 0:00:30]} Rh5+ {[%emt 0:00:07]} 29. Kg4 {[%emt 0:00:30]} g6 {[%emt 0:00:48]} 30. Nb5 {[%emt 0:00:30]} f5+ {[%emt 0:00:37]} 31. exf5 {[%emt 0:00:30]} Bf6 {[%emt 0:00:01]} 32. fxg6 {[%emt 0:01:30]} hxg6 {[%emt 0:00:01]} 33. Re6 {[%emt 0:01:30]} Rf8 {[%emt 0:01:19]} 34. Bc3 {[%emt 0:04:30]} Bxc3 {[%emt 0:00:39]} 35. Nxc3 {[%emt 0:00:30]} Rhf5 {[%emt 0:00:28]} 36. Rf1 {[%emt 0:00:30]} Kg7 {[%emt 0:00:31]} 37. Rxd6 {[%emt 0:00:30]} R8f7 {[%emt 0:00:16]} 38. Ne4 {[%emt 0:00:30]} Re7 {[%emt 0:00:43]} 39. Ng5 {[%emt 0:00:30]} Kh6 {[%emt 0:01:05]} 40. Rh1+ {[%emt 0:00:30]} 1-0

[Event "Istanbul Open 2017"]
[Site "Istanbul"]
[Date "2017.09.12"]
[Round "2"]
[White "Akyuz, Muhammet"]
[Black "Satici, Aydin"]
[Result "0-1"]
[WhiteElo "1509"]
[BlackElo "1726"]
[Annotator "NA RC"]
[PlyCount "28"]
[EventDate "2017.??.??"]
[EventType "swiss"]
[EventCountry "TUR"]
[SourceTitle "playchess.com"]
[Source "ChessBase"]
[SourceQuality "1"]
[TimeControl "5400+30"]

1. Nf3 {[%emt 0:00:30]} Nc6 {[%emt 0:01:00]} 2. d4 {[%emt 0:01:30]} Nf6 {[%emt 0:03:30]} 3. c4 {[%emt 0:08:30]} e6 {[%emt 0:04:30]} 4. e3 {[%emt 0:02:30]} Bb4+ {[%emt 0:00:30]} 5. Nbd2 {[%emt 0:01:30]} d5 {[%emt 0:03:30]} 6. Bd3 {[%emt 0:14:30]} O-O {[%emt 0:01:30]} 7. h4 {[%emt 0:11:30]} e5 {[%emt 0:04:30]} 8. dxe5 {[%emt 0:01:30]} Ng4 {[%emt 0:03:30]} 9. a3 {[%emt 0:29:30]} Be7 {[%emt 0:06:30]} 10. Nb1 {[%emt 0:07:45]} dxc4 {[%emt 0:03:30]} 11. Bxc4 {[%emt 0:00:53]} Qxd1+ {[%emt 0:00:30]} 12. Kxd1 {[%emt 0:00:02]} Nxf2+ {[%emt 0:00:30]} 13. Ke2 {[%emt 0:00:30]} Nxh1 {[%emt 0:00:30]} 14. Nc3 {[%emt 0:00:16]} Bg4 {[%emt 0:00:30]} 0-1

[Event "Istanbul Open 2017"]
[Site "Istanbul"]
[Date "2017.09.12"]
[Round "2"]
[White "Gulceken, Sumeyye"]
[Black "Gencer, Aybars"]
[Result "0-1"]
[WhiteElo "1491"]
[BlackElo "1710"]
[Annotator "NA RC"]
[PlyCount "86"]
[EventDate "2017.??.??"]
[EventType "swiss"]
[EventCountry "TUR"]
[SourceTitle "playchess.com"]
[Source "ChessBase"]
[SourceQuality "1"]
[TimeControl "5400+30"]

1. d4 g6 2. c4 Bg7 3. Nc3 d6 4. Nf3 Nd7 5. e3 c5 6. d5 Ngf6 7. Bd3 O-O 8. a4 Ng4 9. Bd2 Nge5 10. Be2 Nxf3+ 11. Bxf3 Ne5 12. Be2 e6 13. f4 Nd7 14. O-O exd5 15. cxd5 a6 16. Qc2 b6 17. Rae1 f5 18. Bf3 Nf6 19. e4 fxe4 20. Nxe4 b5 21. Ng5 Bf5 22. Qd1 b4 23. Ne6 Bxe6 24. dxe6 Ra7 25. Qe2 Qe7 {[%emt 1:07:00]} 26. b3 {[%emt 1:28:48]} Kh8 {[%emt 0:00:30]} 27. g4 {[%emt 0:00:35]} Ng8 {[%emt 0:00:30]} 28. Bc6 {[%emt 0:00:38]} Qc7 {[%emt 0:00:30]} 29. Bd7 {[%emt 0:00:47]} Ne7 {[%emt 0:00:30]} 30. Qd3 {[%emt 0:00:38]} Raa8 {[%emt 0:00:30]} 31. f5 {[%emt 0:00:36]} gxf5 {[%emt 0:00:30]} 32. gxf5 {[%emt 0:00:34]} Bf6 {[%emt 0:06:30]} 33. Qe4 {[%emt 0:04:05]} d5 {[%emt 0:00:30]} 34. Qe2 {[%emt 0:00:52]} c4 {[%emt 0:00:30]} 35. Bf4 {[%emt 0:00:30]} Qc5+ {[%emt 0:07:30]} 36. Kh1 {[%emt 0:02:45]} c3 {[%emt 0:00:30]} 37. Be5 {[%emt 0:00:36]} d4 {[%emt 0:00:30]} 38. Bxf6+ {[%emt 0:02:42]} Rxf6 {[%emt 0:00:30]} 39. Qe5 {[%emt 0:01:19]} Qxe5 {[%emt 0:00:00]} 40. Rxe5 {[%emt 0:00:07]} d3 {[%emt 0:00:00]} 41. Re3 {[%emt 0:01:25]} d2 {[%emt 0:00:30]} 42. Rd3 {[%emt 0:00:42]} Rxf5 {[%emt 0:00:30]} 43. Rxf5 {[%emt 0:02:40]} Nxf5 {[%emt 0:00:30]} 0-1

[Event "Istanbul Open 2017"]
[Site "Istanbul"]
[Date "2017.09.12"]
[Round "3"]
[White "Abasov, Nijat"]
[Black "Markidis, Konstantinos"]
[Result "1-0"]
[WhiteElo "2575"]
[BlackElo "2350"]
[Annotator "TA"]
[PlyCount "175"]
[EventDate "2017.??.??"]
[EventType "swiss"]
[EventCountry "TUR"]
[SourceTitle "playchess.com"]
[Source "ChessBase"]
[SourceQuality "1"]

{[%evp 9,175,28,39,29,45,31,49,68,79,52,66,31,93,69,71,81,75,77,97,77,114,73,71,14,70,71,65,70,85,31,40,0,17,0,0,0,9,-23,-14,-16,-16,-18,-4,-5,-6,-41,-44,-46,-31,-54,0,0,0,0,0,-5,0,0,2,2,2,2,8,3,6,6,8,8,8,8,27,8,8,8,8,8,11,12,14,8,10,0,0,0,0,0,10,0,0,-8,0,0,0,0,2,2,2,0,8,8,10,10,22,22,22,10,23,23,23,23,23,23,29,23,23,30,30,30,30,30,53,62,85,93,101,56,39,37,37,37,38,38,38,0,38,38,38,38,39,46,136,144,1083,1059,906,588,588,580,29977,29978,29978,29979,29979,29980,29981,29982,29974,29982,29982,29978,29982,29983,29968,29971,29987,29988,29989,29990]} 1. c4 e6 2. Nc3 Bb4 3. e4 Ne7 4. Nf3 O-O 5. d4 d5 {LiveBook: 3 Games} 6. Bd3 {A13: English Opening: 1...e6} c5 7. a3 (7. cxd5 {looks sharper.} cxd4 8. Nxd4 exd5 9. O-O Nbc6 10. Nxc6 bxc6 11. Qh5) 7... cxd4 8. axb4 {White is slightly better.} dxc4 $146 ({Find the theoretical novelty and annotate with similar games:} 8... dxc3 9. exd5 exd5 10. bxc3 dxc4 11. Bxc4 Qc7 12. Be2 Rd8 13. Qc2 Bf5 14. Qb2 Nbc6 15. O-O {½-½ (15) Halkias,S (2564)-Georgiadis,I (2438) Kallithea 2009}) 9. Bxc4 dxc3 10. bxc3 Qxd1+ 11. Kxd1 b6 12. Bg5 Ng6 13. h4 {[%cal Bh2h4,Bh4h5][%mdl 32]} Nc6 14. h5 Nge5 15. Nxe5 Nxe5 16. Bb3 ({White should try} 16. Be2 $16) 16... Bb7 (16... a5 $11) 17. f3 $1 $14 Rfc8 18. Kc2 a5 19. bxa5 (19. b5 $16) 19... bxa5 20. Rhd1 Ba6 21. Ba4 (21. Bf4 $5 {[%cal Rf4e5]} Nc4 22. h6 $11) 21... Nc4 22. h6 Nb6 (22... Rc5 $5 {[%cal Rc5g5]} 23. Rd8+ Rxd8 24. Bxd8 gxh6 $11) 23. Rd4 e5 24. Rd6 Nxa4 25. Rxa4 Bb5 26. Ra1 $132 {[%mdl 2048] White puts up resistance} f6 27. Bh4 {[#] Hoping for hxg7.} g5 28. Bf2 Kf7 29. Rd5 Bc6 ({Black should play} 29... Bc4 $15 30. Rd7+ (30. Rdxa5 Rxa5 31. Rxa5 Bf1 $15) 30... Kg6) 30. Rdxa5 $11 Rxa5 31. Rxa5 {[%mdl 4096] Endgame KRB-KRB} Kg6 32. Ra6 Kxh6 33. c4 g4 34. Bh4 gxf3 35. gxf3 Kg6 36. Kd2 Rd8+ 37. Ke3 (37. Kc3 $5 {[%cal Ra6c6]} Rc8 38. Kd3 $14) 37... Rd6 38. c5 Re6 $1 39. Rb6 Bd7 40. Rb7 Bc6 41. Rb8 Re8 42. Rb6 Re6 43. Kd3 Kh5 44. Bf2 Kg5 45. Rb1 Re8 46. Be3+ Kg6 47. Rb6 Re6 48. Kc4 f5 49. Bg1 fxe4 50. fxe4 Kf7 51. Kd3 Ke7 52. Bh2 Kd7 53. Ke3 Re8 54. Rb2 Re6 55. Bg3 Ke8 56. Rh2 h6 57. Rh5 Kf7 58. Bxe5 Kg6 59. Rf5 Bd7 60. Kd4 Bc6 61. Rf1 h5 62. Rg1+ Kh7 63. Rg5 Kh6 64. Rf5 Kg6 65. Ke3 Bd7 {[#]} 66. Kf4 $1 Bc6 67. Rg5+ Kh6 68. Rg8 Re8 $1 {[%cal Re8g8]} 69. Rg1 Rf8+ 70. Ke3 Re8 71. Bf4+ Kh7 72. e5 Ra8 73. Rg5 Ra3+ 74. Kd2 Ra4 (74... h4 $14) 75. Rxh5+ $16 Kg6 $2 {[%mdl 8192]} (75... Kg8 $16) 76. Rh6+ $18 Kf5 77. Rxc6 {Threatens to win with Rf6+.} Kxf4 {KR-KR} 78. e6 {[%cal Be5e6,Be6e7][%mdl 32]} Ke5 79. e7 {White mates.} Ra8 80. Kc3 Re8 81. Rc7 Kd5 82. Kb4 Rb8+ 83. Ka5 Ke6 84. Ka6 Kf7 85. Rb7 Ra8+ 86. Kb6 Ke8 87. c6 {[%cal Bc5c6,Bc6c7][%mdl 32]} Ra1 88. c7 {Precision: White = 53%, Black = 50%.} 1-0

[Event "Istanbul Open 2017"]
[Site "Istanbul"]
[Date "2017.09.12"]
[Round "3"]
[White "Maghalashvili, Davit"]
[Black "Darban, Morteza"]
[Result "1/2-1/2"]
[WhiteElo "2512"]
[BlackElo "2300"]
[Annotator "TA"]
[PlyCount "123"]
[EventDate "2017.??.??"]
[EventType "swiss"]
[EventCountry "TUR"]
[SourceTitle "playchess.com"]
[Source "ChessBase"]
[SourceQuality "1"]

{[%evp 17,123,31,37,0,22,0,29,46,31,29,58,62,111,107,96,107,107,107,105,93,109,77,102,93,193,145,143,143,143,143,147,146,146,146,147,152,151,79,79,88,90,75,158,156,199,195,214,163,152,98,85,16,16,-21,-35,-41,-23,-19,-17,-11,-18,-23,-14,-14,-18,-12,-10,-10,-10,-22,-13,-19,-5,-5,0,0,0,0,0,0,0,-4,0,-4,-4,-5,0,-6,0,-5,0,-6,0,0,0,-2,-4,-7,-10,-35,-14,-29,-65,-57,0,-41,0,-22]} 1. Nf3 f5 2. g3 b6 3. Bg2 Bb7 4. O-O Nf6 5. d3 e6 6. e4 fxe4 7. Ng5 Nc6 {A04: Unusual lines after 1 Nf3 and King's Indian Attack} 8. Nxe4 Be7 9. Nbc3 O-O {LiveBook: 4 Games. White is slightly better.} 10. h4 $146 ({Predecessor:} 10. d4) 10... Rb8 11. d4 Nb4 12. Nxf6+ Bxf6 13. Ne4 Bxe4 14. Bxe4 b5 15. a4 a6 16. axb5 axb5 17. c3 Nd5 18. Qd3 h6 19. Qe2 Qe8 20. Bd3 c6 (20... Be7 $16 {was worth a try.}) 21. Qg4 h5 22. Qe4 Kf7 23. Ra7 Rh8 24. Bd2 Ra8 25. Rfa1 Rxa7 26. Rxa7 Ke7 27. b3 ({White should try} 27. Qe1) 27... Qb8 $16 28. Ra6 Qb7 29. Ra1 Qb6 ({Black should play} 29... Ra8 30. Qe1 Rxa1 31. Qxa1 c5) 30. Qg6 Kd6 31. Ra2 Kc7 32. c4 Ne7 33. c5 ({Better is} 33. Qe4 {Strongly threatening Ba5.} Qxd4 34. Qe2 bxc4 35. bxc4) 33... Qb8 {[#]} 34. Qf7 (34. Qe4 $1 $16 Nd5 35. Bf4+ Nxf4 36. Qxf4+ Kc8 37. Qe3) 34... Kb7 $1 $11 35. d5 exd5 36. Bf4 Qg8 37. Qxg8 Rxg8 38. Re2 d4 39. Bg5 Nd5 {White should prevent ...Bxg5.} 40. Re4 Kc7 41. Bxf6 Nxf6 42. Rxd4 {[%mdl 4096] Endgame KRB-KRN} Re8 43. Bg6 Re1+ 44. Kg2 Rc1 (44... Re5 $5 {[%cal Re5c5]}) 45. b4 Kd8 46. Kf3 Ke7 47. Ke2 Ke6 48. Rd6+ Ke7 49. Rd4 Ke6 50. f3 Rg1 51. Kf2 Rc1 52. Ke2 Rg1 53. Kf2 $132 {[%mdl 2048] White puts up resistance} Rc1 (53... Ra1 {is interesting.} 54. Rd6+ Ke7 55. Rd4 Ra2+ 56. Kg1 Rb2) 54. Rd2 (54. Ke2 {with more complications.}) 54... Ke7 55. Re2+ Kf8 56. Rb2 Rc3 57. Ke2 Ke7 58. Bd3 Rc1 59. Bf5 Rc4 60. Bd3 Rc1 (60... Rd4 $1 $15) 61. Bg6 Rc3 62. Bd3 {Precision: White = 65%, Black = 50%.} 1/2-1/2

[Event "Istanbul Open 2017"]
[Site "Istanbul"]
[Date "2017.09.12"]
[Round "3"]
[White "Shanava, Konstantine"]
[Black "Karaokcu, Erkin"]
[Result "1-0"]
[WhiteElo "2504"]
[BlackElo "2206"]
[Annotator "TA"]
[PlyCount "77"]
[EventDate "2017.??.??"]
[EventType "swiss"]
[EventCountry "TUR"]
[SourceTitle "playchess.com"]
[Source "ChessBase"]
[SourceQuality "1"]

{[%evp 13,77,0,-5,-69,-65,-64,-78,-102,-118,-129,-79,-118,6,5,31,32,54,21,233,227,249,255,254,247,244,243,240,241,242,244,259,157,143,125,218,220,221,212,222,219,241,240,264,258,285,277,282,281,370,356,370,370,337,336,615,318,444,423,660,618,814,704,817,777,775,797]} 1. e4 d6 2. Nc3 c5 3. g3 Nc6 4. Bg2 g6 5. d3 Bg7 6. f4 e5 7. Nh3 h5 {LiveBook: 19 Games. B25: Closed Sicilian: 3 g3, lines without early Be3} (7... Nge7 8. O-O exf4 9. Nxf4 O-O 10. Be3 b5 11. a3 a5 12. Nxb5 Bxb2 13. Rb1 Bg7 14. a4 Ne5 15. h3 Rb8 16. g4 Bb7 17. Qd2 Bc6 18. c4 {½-½ (35) Larino Nieto,D (2495)-Iturrizaga Bonelli,E (2664) Leiria 2017}) 8. f5 (8. Be3 $11) 8... gxf5 $15 9. O-O Nge7 {Black is slightly better.} 10. exf5 Bxf5 11. Ng5 $146 ({Find the theoretical novelty and annotate with similar games:} 11. Rxf5 Nxf5 12. Nd5 Nfd4 13. Ng5 Ne6 14. Ne4 Nb4 15. c4 Nxd5 16. cxd5 {½-½ (56) Arjun,V (2205)-Duong,T (2325) Budapest 2006}) 11... Qd7 12. Nd5 Bg4 (12... f6 $17 13. Ne4 Bxe4 14. dxe4 Nxd5 15. exd5 Ne7) 13. Qe1 $11 Be6 14. c4 Nf5 15. Bh3 O-O-O $2 (15... Nfd4 $1 $11 {and Black has nothing to worry.} 16. Rxf7 Qxf7 17. Nxf7 Nf3+ 18. Kh1 Nxe1 19. Bxe6 O-O) 16. Qe4 $1 $18 {[%cal Rf1f5]} Ncd4 {[#]} 17. Bxf5 $1 Bxf5 {[#]} 18. Rxf5 $1 {[%mdl 512]} Nxf5 {[#]} 19. Qxf5 $1 {[%mdl 512]} Qxf5 20. Ne7+ Kd7 21. Nxf5 Rhg8 22. Nxf7 Rdf8 23. N7xd6 {Black must now prevent Bg5.} Ke6 (23... Rf6 $16) 24. Be3 ({Don't do} 24. Nxb7 $6 Kxf5 25. Nxc5 Rb8 $16) 24... Rxf5 25. Nxf5 Kxf5 26. Bxc5 {[%mdl 4096] Endgame KRB-KRB} Rd8 {[#]} 27. Rd1 $1 ({Don't play} 27. Bxa7 $6 Rxd3 28. Rf1+ Ke6) 27... Kg6 28. Be3 a6 29. Kf2 Kf5 30. Ke2 Kg4 31. Rf1 Rd7 32. b3 Kh3 33. Rf5 Kxh2 $2 (33... h4 34. Rh5 Bf6) 34. Bf2 Kg2 35. Rxh5 {White is clearly winning.} Re7 (35... e4 $142) 36. Rh7 e4 {Hoping for ...exd3+.} 37. d4 {[%cal Bd3d4,Bd4d5][%mdl 32]} Rf7 38. Be1 e3 39. d5 {Precision: White = 65%, Black = 24%.} 1-0

[Event "Istanbul Open 2017"]
[Site "Istanbul"]
[Date "2017.09.12"]
[Round "3"]
[White "Bashirli, Nail"]
[Black "Kocer, Ahmet Doruk"]
[Result "1-0"]
[WhiteElo "2352"]
[BlackElo "1627"]
[Annotator "TA"]
[PlyCount "61"]
[EventDate "2017.??.??"]
[EventType "swiss"]
[EventCountry "TUR"]
[SourceTitle "playchess.com"]
[Source "ChessBase"]
[SourceQuality "1"]

{[%evp 23,60,72,79,46,43,48,52,47,101,47,136,126,229,221,220,211,218,217,219,216,343,342,337,327,370,345,862,844,4994,2211,29989,1423,29997,29998,29998,29997,29998,29999,29999]} 1. e4 c5 2. Nf3 d6 3. Nc3 Nf6 4. d4 cxd4 5. Nxd4 g6 6. Be3 Bg7 7. f3 O-O 8. Qd2 Nc6 9. O-O-O Bd7 10. g4 {[%cal Bg2g4,Bg4g5][%mdl 32]} Nxd4 11. Bxd4 Qa5 12. Kb1 Rfc8 {LiveBook: 3 Games. B76: Sicilian Dragon: Yugoslav Attack, 9 g4 and 9 0-0-0} 13. g5 (13. h4 Be6 14. a3 Rab8 15. h5 b5 16. h6 Bh8 17. Bxf6 exf6 18. Qxd6 b4 19. Nd5 Bxd5 20. Rxd5 Qa4 21. Bc4 bxa3 22. Bb3 a2+ 23. Ka1 Qe8 24. Qd7 {1-0 (33) Rodriguez Vila,A (2511)-Stamenkovic,D (2370) Campinas 2011}) 13... Ne8 $146 ({Predecessor:} 13... Nh5 14. Bxg7 Nxg7 15. Nd5 Qxd2 16. Rxd2 Kf8 17. h4 Be6 18. Nf4 Rc5 19. Bh3 Ke8 20. Bxe6 Nxe6 {1-0 (55) Tossutti,J (2043)-Sanhueza,C (2261) Mar del Plata 2016}) 14. h4 Be6 {White is slightly better.} 15. a3 a6 (15... Bxd4 $14 16. Qxd4 Ng7) 16. Bh3 ({Better is} 16. f4 $16) 16... Bxh3 ({Black should try} 16... Rc4 $1 $14 17. Bxg7 Nxg7) 17. Rxh3 $16 b5 (17... Rc4 $16 18. Bxg7 Nxg7) 18. Nd5 Qxd2 19. Rxd2 Rd8 20. Nxe7+ Kf8 21. Nd5 Rab8 (21... Bxd4 $142 22. Rxd4 Ng7) 22. h5 $18 Bxd4 23. Rxd4 Kg7 24. Rd2 {[#] Rdh2 is the strong threat.} f6 $2 (24... Rb7 25. hxg6 fxg6) 25. hxg6 h5 26. Rxh5 (26. gxh6+ $142 Kxg6 27. h7) 26... Kxg6 27. Rh6+ (27. Nf4+ $142 Kg7 28. g6 f5 29. Rxf5 Kg8 30. Rf7 Nf6 31. Rxf6 Rd7 32. Rfxd6 Rxd6 33. Rxd6) 27... Kxg5 28. Rdh2 {[%csl Gh6][%cal Rh2h5] White mates.} Ng7 29. R2h3 f5 30. f4+ Kg4 31. R6h4# {Precision: White = 56%, Black = 27%.} 1-0

[Event "Istanbul Open 2017"]
[Site "Istanbul"]
[Date "2017.09.12"]
[Round "3"]
[White "Guseynov, Alihan"]
[Black "Benidze, Davit"]
[Result "1/2-1/2"]
[WhiteElo "2333"]
[BlackElo "2520"]
[Annotator "TA"]
[PlyCount "45"]
[EventDate "2017.??.??"]
[EventType "swiss"]
[EventCountry "TUR"]
[SourceTitle "playchess.com"]
[Source "ChessBase"]
[SourceQuality "1"]

{[%evp 16,19,68,52,69,72]} 1. d4 Nf6 2. c4 c5 3. Nf3 cxd4 4. Nxd4 Nc6 5. Nc3 e6 6. g3 Bb4 7. Bg2 O-O 8. O-O a6 9. Bf4 {LiveBook: 17 Games. A33: Symmetrical English: 2 Nf3 Nf6 3 d4 cxd4 4 Nxd4 e6 5 Nc3 Nc6} Be7 10. Nxc6 {Predecessor:} bxc6 $146 11. e4 a5 12. Qc2 Ba6 13. b3 Qb6 14. Rfd1 Rfd8 15. Rd2 Rac8 16. Rad1 d5 17. Be3 Qb7 18. exd5 cxd5 19. cxd5 Nxd5 20. Nxd5 exd5 21. Qf5 g6 22. Qe5 Bf8 23. Bd4 {1-0 (23) Limontas,M (2289)-Durarbayli,V (2459) playchess.com INT 2007} 1/2-1/2

[Event "Istanbul Open 2017"]
[Site "Istanbul"]
[Date "2017.09.12"]
[Round "3"]
[White "Iyti, Basher"]
[Black "Romi, Izak"]
[Result "1-0"]
[WhiteElo "2303"]
[BlackElo "1884"]
[Annotator "TA"]
[PlyCount "59"]
[EventDate "2017.??.??"]
[EventType "swiss"]
[EventCountry "TUR"]
[SourceTitle "playchess.com"]
[Source "ChessBase"]
[SourceQuality "1"]

{[%evp 15,59,1,0,-3,8,27,14,0,0,0,-7,-8,46,54,58,41,76,81,109,15,85,72,85,87,139,129,148,150,146,155,506,522,795,770,789,783,749,729,800,778,4264,3489,5194,2539,29988,29989]} 1. d4 Nf6 2. Nf3 e6 3. Bg5 c5 4. c3 d5 5. e3 h6 6. Bh4 Nbd7 7. Nbd2 Be7 8. Bd3 b6 9. a4 {D03: Damenbauernspiele} (9. O-O Bb7 10. a4 O-O 11. a5 c4 12. Bc2 b5 13. a6 Bc6 14. Ne5 Nxe5 15. dxe5 Nd7 16. Bxe7 Qxe7 17. f4 {½-½ (47) Vitiugov,N (2726)-Movsesian,S (2673) Tallinn 2016}) 9... a6 10. O-O Bb7 11. Qb1 {Die Stellung ist ausgeglichen.} O-O 12. b4 cxb4 13. cxb4 Nh5 $146 (13... Rc8 $11) ({Vorgänger:} 13... Rc8 14. Qb2 Ne8 15. Bxe7 Qxe7 16. b5 a5 17. Rfc1 {1-0 (37) Kanmazalp,O (2414)-Garriga Cazorla,P (2227) Zaragoza 2013}) 14. Bxe7 $14 Qxe7 15. a5 Nhf6 16. axb6 Nxb6 17. b5 (17. Rc1 $16) 17... a5 {[#]} (17... axb5 $11 {bleibt in der Remisbreite.} 18. Qxb5 Nfd7) 18. Nb3 $1 $16 a4 19. Nc5 Ra7 (19... Ne4 $142) 20. Ne5 Qd6 21. Rc1 Rfa8 22. h3 g5 $2 {[#]} (22... Rb8 $16 23. Rc2 Rf8) 23. Bg6 $1 $18 {[%mdl 512]} Rf8 (23... fxg6 24. Qxg6+) 24. Bxf7+ Rxf7 25. Qg6+ Rg7 26. Qxf6 Bc8 {[#]} 27. Nxa4 $1 {[%mdl 512]} h5 (27... Rxa4 28. Rxa4) 28. Nxb6 Rxa1 29. Rxa1 Qxb6 30. Ra8 {Precision: Weiß = 78%, Schwarz = 24%.} 1-0